| 000 | 00847nam a22001337a 4500 | ||
|---|---|---|---|
| 040 | _cRUA | ||
| 082 | _aAVM TEK 2010 B093 Or.1 | ||
| 100 | _aTEK, CHANCHIVY. | ||
| 245 | _aStudy on growth rate of avian broiler by supplement of fresh white amaranth in commercial feed at the animal experimental station of royal university of agriculture, សិក្សាលើការលូតលាស់របស់មាន់សាច់AVIAN ដោយបន្ថែមផ្ទីសស្រស់ទៅលើចំណីCPនៅស្ថានីយពិសោធន៍សត្វនៃសាកលវិទ្យល័យភូមិន្ទកសិកម្ម | ||
| 260 |
_aPhnom Penh _bRUA _c2010 |
||
| 300 |
_axiii; 38p. _bill. _c29cm. |
||
| 856 | _uhttps://drive.google.com/file/d/1jRpnFGgDLsOm8KOsC_t8fwuxuHXq1G_B/view?usp=sharing | ||
| 942 | _cAVM | ||
| 999 |
_c2400 _d2400 |
||